[Event "17th Unive op"]
[Site "Hoogeveen NED"]
[Date "2013.10.22"]
[Round "5.7"]
[White "Goudriaan, Etienne"]
[Black "Lorscheid, Gerhard"]
[Result "1-0"]
[WhiteElo "2410"]
[BlackElo "2218"]
[EventDate "2013.10.18"]
[PlyCount "61"]

1.d4 d6 2.Nf3 g6 3.c4 Bg7 4.Nc3 Nf6 5.e4 O-O 6.h3 c6 7.a3 d5 8.cxd5 cxd5 
9.e5 Ne4 10.Bd3 Bf5 11.Qc2 Nxc3 12.Bxf5 Nb5 13.Bd3 Nc6 14.Be3 Rc8 15.Qd2 
Na5 16.Qb4 a6 17.Bxb5 axb5 18.b3 Nc6 19.Qxb5 Qa5+ 20.Qxa5 Nxa5 21.Nd2 Rc3 
22.b4 Nb3 23.Nxb3 Rxb3 24.Kd2 Ra8 25.Rhc1 f6 26.e6 Bf8 27.Rc7 Raxa3 28.
Rxa3 Rxa3 29.b5 Rb3 30.Rxb7 g5 31.Rb8 1-0

[Event "17th Unive op"]
[Site "Hoogeveen NED"]
[Date "2013.10.22"]
[Round "5.8"]
[White "Hendriks, Willy"]
[Black "De Jong, Migchiel"]
[Result "1/2-1/2"]
[WhiteElo "2407"]
[BlackElo "2345"]
[EventDate "2013.10.18"]
[PlyCount "83"]

1.e4 e6 2.d4 d5 3.e5 c5 4.c3 Qb6 5.Nf3 Bd7 6.a3 cxd4 7.cxd4 Bb5 8.Bxb5+ 
Qxb5 9.Nc3 Qa6 10.b4 Nd7 11.b5 Qa5 12.Bd2 Qd8 13.Na4 Ne7 14.O-O Nc8 15.Qb3
Ncb6 16.Nb2 Be7 17.a4 Rc8 18.Rfc1 Nc4 19.Nxc4 dxc4 20.Rxc4 Rxc4 21.Qxc4 
Nb6 22.Qc2 Nd5 23.Rc1 O-O 24.a5 Qd7 25.Qc4 h6 26.h3 Rd8 27.Rc2 Bf8 28.Rc1 
Ba3 29.Rc2 Bf8 30.Qb3 Nc7 31.b6 axb6 32.Qxb6 Nd5 33.Qb3 Ra8 34.Rb2 Ra7 35.
Nh2 Be7 36.Ng4 Bg5 37.Bxg5 hxg5 38.Ne3 Rxa5 39.Qxb7 Qxb7 40.Rxb7 Ra1+ 41.
Kh2 Ra4 42.Nxd5 1/2-1/2

[Event "17th Unive op"]
[Site "Hoogeveen NED"]
[Date "2013.10.22"]
[Round "5.10"]
[White "Kerigan, Demre"]
[Black "Donchenko, Alexander"]
[Result "1-0"]
[WhiteElo "2288"]
[BlackElo "2479"]
[EventDate "2013.10.18"]
[PlyCount "89"]

1.e4 c6 2.d3 d5 3.Nd2 e5 4.Ngf3 Bd6 5.d4 exd4 6.exd5 Nf6 7.dxc6 Nxc6 8.Be2
O-O 9.O-O Bf5 10.Nb3 Qc7 11.h3 Rad8 12.Bd3 Bxd3 13.cxd3 h6 14.Bd2 Qb6 15.
Rc1 Nd5 16.Rc4 Ne3 17.fxe3 dxe3 18.Kh1 Rfe8 19.Nfd4 Nxd4 20.Nxd4 exd2 21.
Qxd2 Be5 22.Nf5 Qxb2 23.Nxh6+ gxh6 24.Rg4+ Kf8 25.Qxh6+ Bg7 26.Qg6 Rd7 27.
d4 Bxd4 28.Qg8+ Ke7 29.Rxf7+ Kd8 30.Rxd7+ Kxd7 31.Qd5+ Kc8 32.Rxd4 Qc1+ 
33.Kh2 Qc7+ 34.Qd6 Qxd6+ 35.Rxd6 Re2 36.h4 Rxa2 37.h5 Re2 38.h6 Re8 39.g4 
Kc7 40.Rd2 Rh8 41.g5 a5 42.Kg3 b5 43.Rh2 a4 44.h7 a3 45.g6 1-0

[Event "17th Unive op"]
[Site "Hoogeveen NED"]
[Date "2013.10.22"]
[Round "5.11"]
[White "Van der Poel, Henk"]
[Black "Berkovich, Mark A"]
[Result "1/2-1/2"]
[WhiteElo "2246"]
[BlackElo "2372"]
[EventDate "2013.10.18"]
[PlyCount "64"]

1.e4 e5 2.Nf3 Nc6 3.d4 exd4 4.Nxd4 Nf6 5.Nc3 Bb4 6.Nxc6 bxc6 7.Bd3 O-O 8.
O-O Re8 9.Qf3 h6 10.h3 d5 11.exd5 cxd5 12.Bf4 c6 13.Rad1 Be6 14.Ne2 c5 15.
c3 Ba5 16.Ng3 Bc7 17.b4 Bxf4 18.Qxf4 Qb6 19.Nf5 Bxf5 20.Bxf5 Re2 21.a4 
Rae8 22.a5 Qc6 23.b5 Qxb5 24.Bd3 Qxa5 25.Bxe2 Rxe2 26.Rd3 Qb5 27.c4 Qxc4 
28.Qxc4 dxc4 29.Rd8+ Kh7 30.Rc1 Ne4 31.Rxc4 Nd2 32.Rxc5 Re1+ 1/2-1/2

[Event "17th Unive op"]
[Site "Hoogeveen NED"]
[Date "2013.10.22"]
[Round "5.12"]
[White "Schroeder, Jan Christian"]
[Black "Wunnink, Michael"]
[Result "1-0"]
[WhiteElo "2370"]
[BlackElo "2244"]
[EventDate "2013.10.18"]
[PlyCount "175"]

1.e4 e5 2.Nf3 Nc6 3.Bb5 a6 4.Ba4 Nf6 5.O-O Be7 6.Re1 b5 7.Bb3 O-O 8.d3 d6 
9.c3 Na5 10.Bc2 c5 11.Nbd2 Nc6 12.Nf1 Re8 13.h3 h6 14.Ng3 Bf8 15.d4 cxd4 
16.cxd4 exd4 17.Nxd4 Nxd4 18.Qxd4 Bb7 19.Bf4 Rc8 20.Bb3 Rc7 21.Rad1 Qa8 
22.f3 a5 23.Rc1 Rxc1 24.Rxc1 a4 25.Bd1 d5 26.e5 Nd7 27.Nf5 Rc8 28.Nd6 Rxc1
29.Bxc1 Qb8 30.Bxh6 Nxe5 31.Nxb7 Qxb7 32.Bf4 Ng6 33.Be3 Be7 34.Qb6 Qxb6 
35.Bxb6 Bf6 36.Be2 b4 37.Bd1 Bxb2 38.Bxa4 Ne5 39.Kf1 Nc4 40.Bc5 Bc3 41.Ke2
g6 42.Bb5 Nd2 43.Ke3 f6 44.Bc6 Nc4+ 45.Ke2 Na3 46.Bxd5+ Kg7 47.Kd3 g5 48.
Be4 Kg8 49.Bf5 Kg7 50.Be3 Kf7 51.f4 gxf4 52.Bxf4 Nb5 53.Be3 Nd6 54.g4 Be1 
55.Bc5 Nb7 56.Bd4 Nd6 57.Ke2 Nb5 58.Bc5 Bc3 59.Kd3 Na3 60.h4 Kg7 61.h5 Kg8
62.h6 Kh8 63.Be3 Nb5 64.Kc4 Nd6+ 65.Kc5 Nf7 66.Kd5 Ne5 67.Bc5 Nf7 68.Bf8 
Kg8 69.Bg7 Ng5 70.Be6+ Kh7 71.Kd6 Kg6 72.Ke7 Kh7 73.Bf5+ Kg8 74.Bxf6 Bd2 
75.Bd4 Bf4 76.Kf6 Nf3 77.h7+ Kh8 78.Bc5 Bd2 79.Ke6 Ng5+ 80.Kd5 Nxh7 81.Kc4
Ng5 82.Bxb4 Be3 83.a4 Kg7 84.a5 Ba7 85.a6 Nf3 86.Bc5 Bb8 87.Kd5 Kf6 88.Kc6
1-0

[Event "17th Unive op"]
[Site "Hoogeveen NED"]
[Date "2013.10.22"]
[Round "5.13"]
[White "Bezemer, Arno J"]
[Black "Baskin, Robert"]
[Result "1/2-1/2"]
[WhiteElo "2327"]
[BlackElo "2179"]
[EventDate "2013.10.18"]
[PlyCount "86"]

1.d4 Nf6 2.c4 g6 3.f3 Bg7 4.e4 d6 5.Nc3 O-O 6.Be3 Nc6 7.Nge2 a6 8.Qd2 Rb8 
9.Rc1 Bd7 10.Nd1 Ne8 11.Nf2 e5 12.d5 Ne7 13.g3 c5 14.b4 b6 15.Bg2 f5 16.
O-O Nf6 17.Rb1 Qc7 18.Rb3 a5 19.bxa5 bxa5 20.Rfb1 Rb4 21.a3 Rxc4 22.Rb7 
Qd8 23.Qa2 Ra4 24.Qb3 c4 25.Qb2 Nexd5 26.exd5 Nxd5 27.Bg5 Qc8 28.Nc3 Nxc3 
29.Qxc3 d5 30.Bf1 d4 31.Qc1 Qc6 32.Rxd7 Qxd7 33.Bxc4+ Rxc4 34.Qxc4+ Kh8 
35.Qa6 Qd5 36.Rb7 f4 37.Ne4 fxg3 38.Qa7 gxh2+ 39.Kxh2 Qc4 40.Kg3 Qf1 41.
Rf7 Qg1+ 42.Kh3 Qh1+ 43.Kg3 Qg1+ 1/2-1/2

[Event "17th Unive op"]
[Site "Hoogeveen NED"]
[Date "2013.10.22"]
[Round "5.14"]
[White "Brookes, Christopher"]
[Black "Van Foreest, Jorden"]
[Result "1-0"]
[WhiteElo "2136"]
[BlackElo "2310"]
[EventDate "2013.10.18"]
[PlyCount "179"]

1.e4 c5 2.Nf3 e6 3.b3 a6 4.c4 Nc6 5.Bb2 Qc7 6.Nc3 Nf6 7.d4 cxd4 8.Nxd4 Bc5
9.Nxc6 dxc6 10.Bd3 O-O 11.O-O Rd8 12.e5 Qxe5 13.Bxh7+ Kxh7 14.Qxd8 Bd4 15.
Rad1 c5 16.Rd3 b5 17.Rh3+ Kg6 18.Qh8 Nh5 19.Qd8 Nf4 20.Rg3+ Kh7 21.Bc1 
Nxg2 22.Rxg2 Bb7 23.Qh4+ Kg8 24.Bf4 Qf5 25.Rg5 Qd3 26.Qg3 Qxc3 27.Qxc3 
Bxc3 28.Rxc5 bxc4 29.Rxc4 Bf6 30.Rc7 Bf3 31.Rfc1 Kh7 32.Rc8 g5 33.Rxa8 
Bxa8 34.Be3 Be4 35.Rd1 Bd5 36.Bd4 Be7 37.Rc1 Bd6 38.Rc8 Kg6 39.Rd8 Bb4 40.
Rd7 Be4 41.Ra7 Bd3 42.a4 g4 43.Rb7 Bd2 44.b4 Bc2 45.b5 a5 46.b6 Bxa4 47.
Ra7 Bc6 48.b7 Bf4 49.Be3 Bc7 50.Ra6 Bxb7 51.Ra7 Bd5 52.Rxc7 a4 53.Ra7 Bb3 
54.Ra5 f6 55.Kg2 Bc2 56.Kg3 Bd1 57.Bd4 Kf7 58.Bb2 Kg6 59.Kf4 e5+ 60.Bxe5 
fxe5+ 61.Rxe5 Kh6 62.Ra5 Kg6 63.Rd5 Bb3 64.Rg5+ Kf6 65.Ra5 Bd1 66.Ra6+ Kg7
67.Kf5 Kf7 68.Ra7+ Ke8 69.Ra5 Ke7 70.Ke5 Kf7 71.Ra6 Kg7 72.Kf4 Kf7 73.Rd6 
Bb3 74.Kxg4 a3 75.Ra6 a2 76.f4 Kg7 77.f5 Bc4 78.Ra7+ Kf6 79.Kf4 Bd3 80.
Rxa2 Bxf5 81.Ra6+ Be6 82.h4 Kf7 83.Kg5 Bc4 84.Ra7+ Kg8 85.h5 Bd3 86.Kh6 
Bc2 87.Rg7+ Kf8 88.Rg6 Bd1 89.Kg5 Bc2 90.Kf6 1-0

[Event "17th Unive op"]
[Site "Hoogeveen NED"]
[Date "2013.10.22"]
[Round "5.15"]
[White "Englert, Fabian"]
[Black "Lopez, Jasel"]
[Result "1/2-1/2"]
[WhiteElo "2290"]
[BlackElo "2130"]
[EventDate "2013.10.18"]
[PlyCount "177"]

1.e4 e6 2.d3 d5 3.Qe2 b6 4.Nf3 Bb7 5.g3 Nd7 6.e5 Ne7 7.Bg2 c5 8.O-O Nc6 9.
c4 d4 10.h4 Qc7 11.Bf4 h6 12.Na3 a6 13.Nc2 Be7 14.Rfe1 O-O-O 15.Rab1 Rdg8 
16.h5 g5 17.Bd2 g4 18.Nh2 Ncxe5 19.Bxb7+ Qxb7 20.Bf4 Nf3+ 21.Nxf3 gxf3 22.
Qd2 e5 23.Bxe5 Nxe5 24.Rxe5 Qc7 25.Qf4 Bd6 26.Qf5+ Kb8 27.Re4 Bxg3 28.Rg4 
Bd6 29.Qxf3 Qc8 30.Rxg8 Rxg8+ 31.Kf1 Qb7 32.Qxb7+ Kxb7 33.Ke2 Rg2 34.Rh1 
Kc6 35.Ne1 Rg5 36.Nf3 Rf5 37.Rh4 a5 38.Rxd4 Rxh5 39.Rh4 Rxh4 40.Nxh4 Be5 
41.b3 Kd7 42.Kf3 Ke6 43.Ke4 Bf6 44.Ng2 Be5 45.Ne3 Bd4 46.Nf5 Bxf2 47.Nxh6 
Be1 48.Nf5 Bd2 49.Ng7+ Kd6 50.Ne8+ Kc6 51.Nf6 Bc3 52.Kf5 Bb2 53.Ne4 Kd7 
54.Ng5 Ke7 55.Nh3 Kd7 56.Ng5 Ke7 57.Ke4 Kf6 58.Nh3 Ke6 59.Nf4+ Kd6 60.Nd5 
Kc6 61.Kf5 Bd4 62.Kg5 Bb2 63.Kh6 Ba1 64.Kg5 Bb2 65.Kf5 Bd4 66.Ke4 Bb2 67.
Ne3 Kd6 68.Kf5 Kc6 69.Nc2 Kd6 70.a3 Bc3 71.Ne3 Bb2 72.Nd5 Kc6 73.a4 Bd4 
74.Nf6 Kd6 75.Ng8 Bb2 76.Nh6 Ke7 77.Ng4 Kd6 78.Nf6 Bd4 79.Ne4+ Ke7 80.Ng5 
Bb2 81.Ke4 Bf6 82.Nh3 Kd6 83.Nf4 Bb2 84.Nh3 Bf6 85.Kf5 Bb2 86.Ng5 Ke7 87.
Nf3 Kd6 88.Nd2 Bd4 89.Ne4+ 1/2-1/2

[Event "17th Unive op"]
[Site "Hoogeveen NED"]
[Date "2013.10.22"]
[Round "5.17"]
[White "Vogel, Jaap"]
[Black "Hopman, Pieter"]
[Result "0-1"]
[WhiteElo "2180"]
[BlackElo "2338"]
[EventDate "2013.10.18"]
[PlyCount "62"]

1.Nf3 d5 2.d4 Nf6 3.c4 c6 4.e3 Bf5 5.Nc3 e6 6.Bd3 Bg6 7.Ne5 Nbd7 8.Nxg6 
hxg6 9.h3 Bd6 10.Qb3 Rb8 11.Bd2 O-O 12.O-O b5 13.cxb5 cxb5 14.Ne2 Nb6 15.
Ba5 Qe7 16.Bxb6 Rxb6 17.Rfc1 g5 18.g3 g6 19.a4 bxa4 20.Qxa4 Bb8 21.Rc2 Kg7
22.Kg2 Rh8 23.Nc3 g4 24.Rh1 g5 25.e4 dxe4 26.Nxe4 Qb7 27.Re2 Rb4 28.Qc2 
Rxd4 29.hxg4 Rxh1 30.Kxh1 Qd5 31.Qc3 Be5 0-1

[Event "17th Unive op"]
[Site "Hoogeveen NED"]
[Date "2013.10.22"]
[Round "5.19"]
[White "Dijkhuis, Tycho"]
[Black "Zepeda, Lorena"]
[Result "1/2-1/2"]
[WhiteElo "2219"]
[BlackElo "2156"]
[EventDate "2013.10.18"]
[PlyCount "43"]

1.c4 Nf6 2.g3 g6 3.Bg2 Bg7 4.Nc3 O-O 5.e4 d6 6.Nge2 e5 7.O-O Nc6 8.d3 Nd4 
9.f4 Bg4 10.h3 Bxe2 11.Nxe2 Nxe2+ 12.Qxe2 Nd7 13.Be3 c5 14.f5 Nb8 15.h4 
Nc6 16.h5 g5 17.a3 a5 18.Qc2 Bf6 19.g4 h6 20.Bf3 Qc7 21.Bd1 Rfb8 22.a4 
1/2-1/2

[Event "17th Unive op"]
[Site "Hoogeveen NED"]
[Date "2013.10.22"]
[Round "5.20"]
[White "Vistisen, Lars"]
[Black "Hulshof, Peter"]
[Result "0-1"]
[WhiteElo "2163"]
[BlackElo "2206"]
[EventDate "2013.10.18"]
[PlyCount "112"]

1.e4 c6 2.d4 d5 3.e5 c5 4.dxc5 Nc6 5.Nf3 e6 6.Be3 Nge7 7.c3 Bd7 8.Bd3 Qc7 
9.Bd4 Nxd4 10.cxd4 b6 11.c6 Nxc6 12.Nc3 a6 13.Rc1 b5 14.O-O Qb6 15.Bb1 Be7
16.Qd2 Na5 17.Qf4 b4 18.Nd1 Nc4 19.h4 h6 20.Re1 b3 21.Qg4 O-O 22.Rxc4 bxa2
23.Bxa2 dxc4 24.Bxc4 Bc6 25.Re3 Rad8 26.Rd3 Bxf3 27.gxf3 Qb4 28.b3 a5 29.
Nc3 Qa3 30.Kg2 Rc8 31.Bxe6 fxe6 32.Qxe6+ Kh8 33.Nd5 Bxh4 34.Nf4 Rxf4 35.
Qxc8+ Rf8 36.Qg4 Bg5 37.d5 Qa1 38.Qd4 Qb1 39.Rd1 Qxb3 40.Qd3 Qxd3 41.Rxd3 
Bf4 42.e6 Bd6 43.Rd4 Kg8 44.Rc4 g5 45.Rc6 Rd8 46.f4 gxf4 47.Kf3 a4 48.Ra6 
a3 49.Ke4 Kf8 50.Ra7 h5 51.Kf5 Be7 52.Ra5 Bb4 53.Ra4 Rxd5+ 54.Kf6 Bc3+ 55.
Kg6 Ra5 56.Rxf4+ Ke7 0-1

[Event "17th Unive op"]
[Site "Hoogeveen NED"]
[Date "2013.10.22"]
[Round "5.21"]
[White "Hoffman, Ron"]
[Black "Kollen, Zyon"]
[Result "0-1"]
[WhiteElo "2055"]
[BlackElo "2188"]
[EventDate "2013.10.18"]
[PlyCount "128"]

1.d4 Nf6 2.c4 g6 3.Nc3 Bg7 4.e4 d6 5.Bd3 e5 6.d5 O-O 7.Nge2 Na6 8.h3 Nh5 
9.g4 Nf4 10.Nxf4 exf4 11.Bxf4 f5 12.gxf5 gxf5 13.Qd2 Nc5 14.Bc2 fxe4 15.
Rg1 Bf5 16.Bh6 Bg6 17.Bxg7 e3 18.Qd4 exf2+ 19.Kd2 fxg1=Q 20.Rxg1 Rf3 21.
Bxg6 hxg6 22.Qg4 Rf2+ 23.Kd1 Qc8 24.Qxg6 Qf5 25.Bd4+ Qxg6 26.Rxg6+ Kh7 27.
Rg7+ Kh6 28.Ne2 Re8 29.Bxf2 Kxg7 30.Bxc5 dxc5 31.Nf4 Kf6 32.Ne6 Re7 33.
Nxc5 b6 34.Ne6 c6 35.Nf4 Kf5 36.Ne2 c5 37.Nc3 Rh7 38.Nb5 Ke5 39.Kd2 a6 40.
Nc3 Kd4 41.b3 Rxh3 42.Ne2+ Ke4 43.Nc3+ Ke5 44.a4 Rh2+ 45.Ne2 Ke4 46.d6 Rh6
47.Nc3+ Ke5 48.d7 Rd6+ 49.Nd5 Rxd7 50.Kc3 Rxd5 51.cxd5 Kxd5 52.Kd3 b5 53.
axb5 axb5 54.Ke3 Ke5 55.Kd3 Kf4 56.Kd2 Ke4 57.Ke2 Kd4 58.Kd2 b4 59.Kc2 Ke3
60.Kc1 Kd3 61.Kb2 Kd2 62.Kb1 Kc3 63.Ka2 Kc2 64.Ka1 c4 0-1

[Event "17th Unive op"]
[Site "Hoogeveen NED"]
[Date "2013.10.22"]
[Round "5.24"]
[White "Bakels, Anton"]
[Black "Hovenga, Alje"]
[Result "0-1"]
[WhiteElo "2043"]
[BlackElo "2177"]
[EventDate "2013.10.18"]
[PlyCount "50"]

1.e4 Nc6 2.Nf3 d6 3.d4 Nf6 4.Nc3 g6 5.h3 Bg7 6.Be3 a6 7.a4 O-O 8.Qd2 e5 9.
d5 Nb8 10.a5 Nbd7 11.b4 Nh5 12.Bh6 Qe7 13.Bxg7 Nxg7 14.g3 h6 15.Bg2 Nf6 
16.O-O Nh7 17.Kh2 f5 18.Ng1 f4 19.g4 Nf6 20.f3 h5 21.Nge2 hxg4 22.fxg4 
Bxg4 23.hxg4 Nxg4+ 24.Kg1 Qh4 25.Rf3 Qh2+ 0-1

[Event "17th Unive op"]
[Site "Hoogeveen NED"]
[Date "2013.10.22"]
[Round "5.25"]
[White "Krasenkova, Ilena"]
[Black "Van Wageningen, Arie"]
[Result "1-0"]
[WhiteElo "2133"]
[BlackElo "2036"]
[EventDate "2013.10.18"]
[PlyCount "109"]

1.d4 d5 2.c4 e6 3.Nf3 Nf6 4.g3 dxc4 5.Bg2 Bb4+ 6.Bd2 Bxd2+ 7.Nbxd2 O-O 8.
Nxc4 Nbd7 9.O-O c5 10.Rc1 Qe7 11.dxc5 Nxc5 12.Qd6 Qxd6 13.Nxd6 Nce4 14.
Nxe4 Nxe4 15.Ne5 f5 16.Bxe4 fxe4 17.Rfd1 h5 18.h4 Kh7 19.Rd4 b6 20.Rc7 e3 
21.fxe3 Rf5 22.Nf3 Rd5 23.Kf2 a5 24.Rf4 Rf5 25.e4 Rxf4 26.gxf4 Kg6 27.Ke3 
b5 28.Nd4 b4 29.Nc6 Ba6 30.Ne5+ Kh7 31.Rc6 Bc8 32.Nf7 Kg8 33.Ne5 Kf8 34.
Kd4 Ba6 35.Rxe6 Bxe2 36.f5 Rd8+ 37.Ke3 Bd1 38.Ng6+ Kg8 39.Re5 Ra8 40.Rb5 
Bc2 41.Kf4 Bb1 42.a3 bxa3 43.bxa3 Bd3 44.Rd5 Bc4 45.Rc5 Bb3 46.e5 a4 47.e6
Kh7 48.Kg5 Re8 49.Kxh5 Kg8 50.Nf4 Rf8 51.Kg5 Ba2 52.h5 Bb1 53.Ng6 Re8 54.
Rc7 Ba2 55.h6 1-0

[Event "17th Unive op"]
[Site "Hoogeveen NED"]
[Date "2013.10.22"]
[Round "5.28"]
[White "Gieben, Stijn"]
[Black "Algera, Simon"]
[Result "1-0"]
[WhiteElo "2022"]
[BlackElo "2108"]
[EventDate "2013.10.18"]
[PlyCount "61"]

1.e4 c6 2.d4 d5 3.exd5 cxd5 4.Bd3 Nc6 5.c3 Nf6 6.Nf3 Bg4 7.O-O e6 8.h3 Bh5
9.Bf4 Bd6 10.Bxd6 Qxd6 11.Nbd2 Bg6 12.Bxg6 hxg6 13.Re1 Rh5 14.b4 Qf4 15.g3
Qc7 16.Kg2 O-O-O 17.a4 Rdh8 18.h4 Kb8 19.Ng5 e5 20.b5 Nd8 21.dxe5 Nd7 22.
Ndf3 Qc5 23.Qd4 Re8 24.Rad1 Qxd4 25.Rxd4 f6 26.Nh3 fxe5 27.Rxd5 e4 28.Nfg5
Nf6 29.Rd4 Ne6 30.Nxe6 Rxe6 31.Nf4 1-0

[Event "17th Unive op"]
[Site "Hoogeveen NED"]
[Date "2013.10.22"]
[Round "5.29"]
[White "Beerdsen, Thomas"]
[Black "Dijkhuis, Sven"]
[Result "1-0"]
[WhiteElo "2106"]
[BlackElo "1921"]
[EventDate "2013.10.18"]
[PlyCount "65"]

1.e4 c5 2.Nf3 a6 3.c3 e6 4.d4 d5 5.Bd3 cxd4 6.cxd4 dxe4 7.Bxe4 Nf6 8.Bd3 
Be7 9.O-O O-O 10.Nc3 b6 11.Bg5 Nbd7 12.Re1 Bb7 13.Qe2 h6 14.Bh4 Re8 15.Ne5
Nf8 16.Rad1 Nd5 17.Qh5 Bxh4 18.Qxf7+ Kh8 19.Qxb7 Qe7 20.Qxe7 Nxe7 21.Be4 
Rab8 22.Bd3 b5 23.Ne4 Kg8 24.Nc5 a5 25.Ned7 Nxd7 26.Nxd7 Rb7 27.Nc5 Rb6 
28.Rxe6 Rxe6 29.Nxe6 Nd5 30.Nc5 Rb8 31.a4 bxa4 32.Bc4 Rd8 33.Ne6 1-0

[Event "17th Unive op"]
[Site "Hoogeveen NED"]
[Date "2013.10.22"]
[Round "5.30"]
[White "Schoehuys, Erik"]
[Black "Klomp, Robert"]
[Result "1-0"]
[WhiteElo "2184"]
[BlackElo "2105"]
[EventDate "2013.10.18"]
[PlyCount "79"]

1.d4 d5 2.c4 e6 3.Nc3 Be7 4.Nf3 Nf6 5.g3 O-O 6.Bg2 Nbd7 7.cxd5 exd5 8.O-O 
Re8 9.Bf4 c6 10.Qc2 Nf8 11.Ne5 Ng6 12.Rad1 Nxf4 13.gxf4 Nh5 14.e3 Bd6 15.
Bf3 Qh4 16.Ne2 Bh3 17.Rfe1 Re6 18.Ng3 Rh6 19.Nf5 Bxf5 20.Qxf5 Nf6 21.Kf1 
Bb4 22.Re2 Qxh2 23.Rc2 Qh3+ 24.Qxh3 Rxh3 25.Rd3 Bd6 26.Rb3 Rb8 27.Nxc6 
bxc6 28.Rxb8+ Bxb8 29.Rxc6 Kf8 30.Rc8+ Ke7 31.Rxb8 Rh6 32.Rb7+ Nd7 33.Bg4 
Rd6 34.Rxa7 g6 35.f5 h5 36.f6+ Kd8 37.Rxd7+ Rxd7 38.Bxd7 Kxd7 39.f3 Kc6 
40.a4 1-0

[Event "17th Unive op"]
[Site "Hoogeveen NED"]
[Date "2013.10.22"]
[Round "5.32"]
[White "Knol, Geon"]
[Black "Slingerland, Caroline"]
[Result "1-0"]
[WhiteElo "2147"]
[BlackElo "2084"]
[EventDate "2013.10.18"]
[PlyCount "101"]

1.e4 d5 2.exd5 Nf6 3.Bb5+ Bd7 4.Bxd7+ Qxd7 5.c4 c6 6.Nf3 cxd5 7.cxd5 Nxd5 
8.O-O Nc6 9.d4 g6 10.Nc3 Bg7 11.Qb3 Rd8 12.Be3 Na5 13.Qxd5 Qxd5 14.Nxd5 
Rxd5 15.Rac1 Nc6 16.Ne5 Bxe5 17.dxe5 O-O 18.f4 Rfd8 19.Rc3 f6 20.exf6 exf6
21.Rfc1 Kf7 22.Kf2 R8d7 23.a3 a6 24.Rc5 Rd3 25.R5c3 R3d5 26.g4 g5 27.fxg5 
Ne5 28.Kg3 Nd3 29.Rf1 Nxb2 30.Rxf6+ Kg7 31.Kh4 Nd1 32.Rb3 Nxe3 33.Rxe3 a5 
34.Rb6 a4 35.Re4 Ra5 36.Reb4 Ra7 37.Kh5 Re7 38.h4 Rd7 39.R4b5 Re7 40.g6 h6
41.g5 hxg5 42.Kxg5 Kf8 43.Kh6 Re3 44.Rxb7 Ra6 45.Rb8+ Ke7 46.R5b7+ Kd6 47.
Rb6+ Rxb6 48.Rxb6+ Kc5 49.Rf6 Rh3 50.h5 Rg3 51.g7 1-0

[Event "17th Unive op"]
[Site "Hoogeveen NED"]
[Date "2013.10.22"]
[Round "5.33"]
[White "Sadallah, Osama"]
[Black "Smeets, Pierre"]
[Result "1-0"]
[WhiteElo "2114"]
[BlackElo "2076"]
[EventDate "2013.10.18"]
[PlyCount "75"]

1.Nf3 Nf6 2.c4 c5 3.g3 Nc6 4.d4 cxd4 5.Nxd4 g6 6.Bg2 Bg7 7.O-O O-O 8.Nc3 
Qb6 9.Nc2 d6 10.Ne3 Be6 11.b3 Qd8 12.Bb2 Qd7 13.Re1 Rfc8 14.Rb1 Rab8 15.
Nb5 a6 16.Nd4 Nxd4 17.Qxd4 b5 18.cxb5 Rxb5 19.Rec1 Rbc5 20.Rd1 Qb5 21.Qd2 
Bh6 22.Bxf6 exf6 23.f4 f5 24.Qd3 g5 25.Rf1 gxf4 26.gxf4 Rc3 27.Qxb5 axb5 
28.Nd5 Bxd5 29.Bxd5 Rc2 30.a4 Rxe2 31.axb5 Bg7 32.Rbd1 Rb8 33.Bc6 Rb2 34.
Rf3 Kf8 35.Rxd6 Rb1+ 36.Kg2 Bb2 37.Rd5 Ba3 38.Rxf5 1-0

[Event "17th Unive op"]
[Site "Hoogeveen NED"]
[Date "2013.10.22"]
[Round "5.34"]
[White "Bos, Robin"]
[Black "Potze, Rudolf"]
[Result "1-0"]
[WhiteElo "1908"]
[BlackElo "2112"]
[EventDate "2013.10.18"]
[PlyCount "57"]

1.e4 c5 2.Nf3 Nc6 3.d4 cxd4 4.Nxd4 Nf6 5.Nc3 e5 6.Ndb5 d6 7.Bg5 a6 8.Na3 
b5 9.Bxf6 gxf6 10.Nd5 Bg7 11.g3 f5 12.Bg2 Rb8 13.c3 Ne7 14.Nxe7 Qxe7 15.
Qh5 fxe4 16.Bxe4 Bb7 17.Bxb7 Rxb7 18.Nc2 d5 19.O-O-O Qe6 20.Rhe1 O-O 21.f4
f6 22.Nd4 Qc8 23.Nf5 Rd8 24.fxe5 fxe5 25.Nxg7 Rxg7 26.Rxe5 Rc7 27.Qg5+ Kh8
28.Qf6+ Rg7 29.Rexd5 1-0

[Event "17th Unive op"]
[Site "Hoogeveen NED"]
[Date "2013.10.22"]
[Round "5.35"]
[White "Lessmann, Francis"]
[Black "Cebula, Jerzy"]
[Result "0-1"]
[WhiteElo "2109"]
[BlackElo "2001"]
[EventDate "2013.10.18"]
[PlyCount "78"]

1.d4 Nf6 2.c4 c5 3.d5 e6 4.Nc3 exd5 5.cxd5 d6 6.Nf3 g6 7.Qa4+ Bd7 8.Qb3 
Qc7 9.e4 Bg7 10.Bd3 O-O 11.O-O a6 12.a4 Bc8 13.h3 Nbd7 14.Bf4 Nh5 15.Bh2 
Nb6 16.a5 Nd7 17.Be2 Nhf6 18.Rfe1 Rd8 19.Nd2 b5 20.axb6 Nxb6 21.Qc2 Nfd7 
22.Nb5 axb5 23.Rxa8 Nxa8 24.Bxb5 Qa5 25.Bc6 Ne5 26.Bxa8 Qxa8 27.f4 Nd7 28.
Nc4 Bd4+ 29.Kh1 Nf6 30.Bg1 Bxg1 31.Kxg1 Ba6 32.Nxd6 Rxd6 33.e5 Rxd5 34.
exf6 Qd8 35.Qe4 Bb5 36.Kh2 h5 37.Ra1 Bc6 38.Ra6 Qxf6 39.f5 Qd6+ 0-1

[Event "17th Unive op"]
[Site "Hoogeveen NED"]
[Date "2013.10.22"]
[Round "5.38"]
[White "Vos, Tjark"]
[Black "Hummel, Paul"]
[Result "1-0"]
[WhiteElo "2097"]
[BlackElo "2023"]
[EventDate "2013.10.18"]
[PlyCount "73"]

1.e4 c5 2.Nf3 Nc6 3.d4 cxd4 4.Nxd4 g6 5.c4 Bh6 6.Bxh6 Nxh6 7.Nc2 d6 8.Nc3 
O-O 9.Qd2 Kg7 10.h4 f6 11.O-O-O Nf7 12.Be2 h6 13.f4 Rh8 14.g4 g5 15.f5 b6 
16.Nb5 Bd7 17.Nbd4 Nxd4 18.Nxd4 Qc7 19.Kb1 Ne5 20.b3 a5 21.a4 Rac8 22.Rh3 
Qb7 23.Qe3 Bc6 24.Ne6+ Kf7 25.Rd5 Bxd5 26.exd5 Rcg8 27.Qg1 Ke8 28.c5 bxc5 
29.Bb5+ Kf7 30.Qh1 Qa8 31.hxg5 Nxg4 32.g6+ Rxg6 33.fxg6+ Kg8 34.Rh4 f5 35.
Rxg4 fxg4 36.Qf1 Qxd5 37.Qf7# 1-0

[Event "17th Unive op"]
[Site "Hoogeveen NED"]
[Date "2013.10.23"]
[Round "6.9"]
[White "Lorscheid, Gerhard"]
[Black "Pancevski, Filip"]
[Result "0-1"]
[WhiteElo "2218"]
[BlackElo "2493"]
[EventDate "2013.10.18"]
[PlyCount "60"]

1.d4 Nf6 2.c4 d6 3.Nc3 g6 4.e4 Bg7 5.f3 O-O 6.Nge2 c5 7.d5 a6 8.a4 e6 9.
Ng3 exd5 10.cxd5 Nbd7 11.Be2 Rb8 12.O-O Re8 13.Be3 h5 14.Nh1 Nh7 15.Nf2 f5
16.Qd2 Ne5 17.h3 h4 18.Rae1 Bd7 19.Rb1 Qa5 20.Ra1 Rbc8 21.Rfc1 Nf7 22.Ra2 
Nf6 23.Bg5 Nh5 24.f4 Nxg5 25.Bxh5 fxe4 26.Re1 Bd4 27.Bxg6 e3 28.Rxe3 Rxe3 
29.fxg5 Rf8 30.Kh1 Rxf2 0-1

[Event "17th Unive op"]
[Site "Hoogeveen NED"]
[Date "2013.10.23"]
[Round "6.10"]
[White "Van Wessel, Rudy"]
[Black "Pel, Bonno"]
[Result "0-1"]
[WhiteElo "2388"]
[BlackElo "2291"]
[EventDate "2013.10.18"]
[PlyCount "154"]

1.d4 d6 2.c4 g6 3.e4 Bg7 4.Nc3 e5 5.dxe5 dxe5 6.Qxd8+ Kxd8 7.f4 Nc6 8.Nf3 
Be6 9.fxe5 h6 10.Be3 Nxe5 11.O-O-O+ Kc8 12.Nd5 Ng4 13.Bg1 c6 14.Nf4 Bd7 
15.c5 h5 16.Bc4 N8h6 17.h3 Ne5 18.Nxe5 Bxe5 19.Nd3 Bg7 20.Bh2 Re8 21.Rhe1 
b5 22.Bb3 a5 23.a3 Ra7 24.Bd6 Bf6 25.Kc2 Bh4 26.Re2 f6 27.Nf4 Bg5 28.Rf1 
a4 29.Ba2 Bxf4 30.Bxf4 g5 31.Bh2 f5 32.Bd6 f4 33.Kd3 h4 34.Bxf4 gxf4 35.
Rxf4 Be6 36.Bxe6+ Rxe6 37.Rf8+ Kd7 38.Ref2 Ke7 39.Rh8 Rd7+ 40.Ke3 Rg6 41.
Rff8 Rxg2 42.Rc8 Nf7 43.Rhe8+ Kf6 44.Rxc6+ Kg7 45.e5 Rg3+ 46.Ke2 Ng5 47.
Rd6 Rf7 48.c6 Rg2+ 49.Kd3 Rf3+ 50.Kd4 Rd2+ 51.Kc5 Ne4+ 52.Kxb5 Rxd6 53.c7 
Rb3+ 54.Ka5 Rdb6 55.Rg8+ Kh6 56.Rh8+ Kg5 57.Rg8+ Kh6 58.Rh8+ Kg7 59.Rg8+ 
Kh7 60.Rh8+ Kg6 61.Rg8+ Kh5 62.Rh8+ Kg5 63.Rg8+ Kf4 64.Rg4+ Kf3 65.c8=Q 
R3b5+ 66.Kxa4 Nc5+ 67.Qxc5 Rxc5 68.b4 Ra6+ 69.Kb3 Rxe5 70.Rxh4 Re3+ 71.Kc4
Raxa3 72.Kc5 Re5+ 73.Kd6 Rg5 74.Kc6 Ra6+ 75.Kb7 Rf6 76.Rc4 Rb5+ 77.Kc7 Rf4
0-1

[Event "17th Unive op"]
[Site "Hoogeveen NED"]
[Date "2013.10.23"]
[Round "6.14"]
[White "Hulshof, Peter"]
[Black "Slingerland, Fred"]
[Result "1/2-1/2"]
[WhiteElo "2206"]
[BlackElo "2345"]
[EventDate "2013.10.18"]
[PlyCount "45"]

1.e4 c5 2.Nc3 Nc6 3.g3 g6 4.Bg2 Bg7 5.d3 d6 6.f4 e6 7.Nf3 Nge7 8.O-O O-O 
9.Be3 Nd4 10.e5 Nxf3+ 11.Qxf3 Nf5 12.Bf2 Rb8 13.Ne4 h5 14.h3 dxe5 15.Bxc5 
Re8 16.Bxa7 Ra8 17.Bf2 Nd4 18.Bxd4 Qxd4+ 19.Kh1 exf4 20.Qxf4 f5 21.Nd6 
Qxf4 22.gxf4 Rd8 23.Nc4 1/2-1/2

[Event "17th Unive op"]
[Site "Hoogeveen NED"]
[Date "2013.10.23"]
[Round "6.15"]
[White "Lopez, Jasel"]
[Black "Bezemer, Arno J"]
[Result "1/2-1/2"]
[WhiteElo "2130"]
[BlackElo "2327"]
[EventDate "2013.10.18"]
[PlyCount "47"]

1.d4 Nf6 2.c4 g6 3.Nc3 d5 4.cxd5 Nxd5 5.Bd2 Nb6 6.Bf4 Bg7 7.e3 O-O 8.Nf3 
c5 9.dxc5 Bxc3+ 10.bxc3 Qxd1+ 11.Rxd1 Na4 12.Bh6 Nc6 13.Bxf8 Kxf8 14.Bb5 
Nxc3 15.Bxc6 Nxd1 16.Kxd1 bxc6 17.Nd4 Ba6 18.Kc2 Bc4 19.f3 Bxa2 20.Ra1 Bc4
21.Kc3 Bb5 22.Nxb5 cxb5 23.Kb4 Ke8 24.Rd1 1/2-1/2

[Event "17th Unive op"]
[Site "Hoogeveen NED"]
[Date "2013.10.23"]
[Round "6.16"]
[White "Baskin, Robert"]
[Black "Dijkhuis, Tycho"]
[Result "1/2-1/2"]
[WhiteElo "2179"]
[BlackElo "2219"]
[EventDate "2013.10.18"]
[PlyCount "43"]

1.e4 c5 2.Nf3 d6 3.d4 cxd4 4.Nxd4 Nf6 5.Nc3 g6 6.Be3 Bg7 7.f3 Nc6 8.Qd2 
O-O 9.O-O-O d5 10.exd5 Nxd5 11.Nxc6 bxc6 12.Bd4 Nxc3 13.Qxc3 Bh6+ 14.Be3 
Bxe3+ 15.Qxe3 Qb6 16.Qxb6 axb6 17.a3 Be6 18.Bd3 b5 19.Rhe1 Rfc8 20.Re5 Ra4
21.Rc5 Kg7 22.Be4 1/2-1/2